Loading...
| Science - Biology | 0 | 3 | 0 | 1 | 30 | 70 | 109.33 | 0 | 0 |
| Science - Physics | 0 | 2 | 0 | 0 | 20 | 103 | 107.50 | 0 | 0 |
| History - American History | 0 | 1 | 0 | 0 | 10 | 145 | 145.00 | 0 | 0 |
| History - European History | 0 | 1 | 0 | 1 | 10 | 127 | 127.00 | 0 | 0 |
| Literature - British Literature | 0 | 1 | 0 | 0 | 10 | 149 | 149.00 | 0 | 0 |
| Literature - World Literature | 0 | 1 | 0 | 1 | 10 | 138 | 138.00 | 0 | 0 |
| Religion | 0 | 1 | 0 | 0 | 10 | 122 | 122.00 | 0 | 0 |
| Science - Other Science | 0 | 1 | 0 | 0 | 10 | 92 | 92.00 | 0 | 0 |
| Fine Arts - Painting & Sculpture | 0 | 1 | 0 | 0 | 10 | 120 | 120.00 | 0 | 0 |
| Science - Chemistry | 0 | 1 | 0 | 0 | 10 | 125 | 125.00 | 0 | 0 |
| Mythology | 0 | 1 | 1 | 0 | 5 | 97 | 97.00 | 0 | 0 |
| Literature - European Literature | 0 | 0 | 0 | 0 | 0 | 0.00 | 0 | 0 | |
| Social Science | 0 | 0 | 1 | 0 | -5 | 0.00 | 0 | 0 | |
| Fine Arts - Other Fine Arts | 0 | 0 | 1 | 0 | -5 | 0.00 | 0 | 0 |